000 00652nam a2200181Ia 4500
008 100921s9999 xx 000 0 und d
082 _b22370
_a891.461 थ 61
100 _aप्रफुल्लदत्त.( तेंडोलकर दत्तात्रय विष्णु ).
245 _aशिव-स्वप्न.
260 _bसंध्या प्रकाशन,मुंबई.
_c1961
300 _a116
_b---
365 _b3
520 _aललित-काव्य.
630 _aशिव-स्वप्न.
650 _aललित-काव्य.
730 _aशिव-स्वप्न.
942 _cBOOK
999 _c771483
_d771480